00952nam a22001817a 4500003000400000005001700004008004100021020001800062040001300080082001300093100002700106245009000133260004500223300004400268500041000312651002700722651002100749OSt20230717181055.0230717b ||||| |||| 00| 0 spa d a9788408055013 cCO-MqBPB aANbLEVq a Lévy, Marc /d1961- a La química secreta de los encuentros / cMarc Levy ; traducción de Juan Camargo. aBogotá : bPlaneta Colombiana,c 2012. a 350 paginas;bTapa Rústica,c 23 cm. a«El hombre más importante de tu vida acaba de pasar por detrás de ti. Para encontrarlo deberás hacer un largo viaje y localizar a las seis personas que te conducirán hasta él… Hay dos vidas en ti, Alice. La que conoces y la que te espera desde hace tiempo.» Divertida, original, encantadora y maravillosa, La química secreta de los encuentros te cautivará y, sobre todo, te hará FELIZ. aNovela francesaxAmor  aNovela y relatos